Historia de las izquierdas en España (1789-2022) / (Record no. 196345)

MARC details
000 -LEADER
campo de control de longitud fija 03181nam a2200385 i 4500
001 - NÚMERO DE CONTROL
campo de control 196345
003 - IDENTIFICADOR DE NÚMERO DE CONTROL
campo de control ES-MaACL
005 - FECHA Y HORA DE LA ÚLTIMA TRANSACCIÓN
campo de control 20250721063453.0
008 - DATOS DE LONGITUD FIJA--INFORMACIÓN GENERAL
campo de control de longitud fija 240917s2022 sp | |||| 001 0 spa
015 ## - NÚMERO DE BIBLIOGRAFÍA NACIONAL
Número de bibliografía nacional MON22
017 ## - NÚMERO DE COPYRIGHT O DE DEPÓSITO LEGAL
Número de copyright o de depósito legal M 25375-2022
Agencia que asigna Oficina Depósito Legal Madrid
020 ## - NÚMERO INTERNACIONAL ESTÁNDAR DEL LIBRO
Número Internacional Estándar del Libro 9788413525631
035 ## - NÚMERO DE CONTROL DEL SISTEMA
Número de control de sistema (SpMaBN)a7200427
040 ## - FUENTE DE CATALOGACIÓN
Centro catalogador/agencia de origen SpMaBN
Lengua de catalogación spa
Centro/agencia transcriptor SpMaBN
Normas de descripción rda
Centro/agencia modificador ES-MaACL
080 ## - NÚMERO DE LA CLASIFICACIÓN DECIMAL UNIVERSAL
Número de la Clasificación Decimal Universal 329.055.4(460)"1789/2022"
100 1# - ENTRADA PRINCIPAL--NOMBRE DE PERSONA
Nombre de persona Pérez Garzón, Juan Sisinio
9 (RLIN) 90901
Término indicativo de función/relación Autor
245 10 - MENCIÓN DEL TÍTULO
Título Historia de las izquierdas en España (1789-2022) /
Mención de responsabilidad, etc. Juan Sisinio Pérez Garzón.
264 #1 - PRODUCCIÓN, PUBLICACIÓN, DISTRIBUCIÓN, FABRICACIÓN Y COPYRIGHT
Producción, publicación, distribución, fabricación y copyright Madrid :
Nombre del de productor, editor, distribuidor, fabricante Los Libros de la Catarata,
Fecha de producción, publicación, distribución, fabricación o copyright [2022]
264 #4 - PRODUCCIÓN, PUBLICACIÓN, DISTRIBUCIÓN, FABRICACIÓN Y COPYRIGHT
Fecha de producción, publicación, distribución, fabricación o copyright ©2022
300 ## - DESCRIPCIÓN FÍSICA
Extensión 510 páginas ;
Dimensiones 24 cm
336 ## - TIPO DE CONTENIDO
Término de tipo de contenido Texto
Fuente rdacontent
337 ## - TIPO DE MEDIO
Nombre/término del tipo de medio sin mediación
Fuente rdamedia
338 ## - TIPO DE SOPORTE
Nombre/término del tipo de soporte volumen
Fuente rdacarrier
490 1# - MENCIÓN DE SERIE
Mención de serie Mayor ;
Designación de volumen o secuencia 910
504 ## - NOTA DE BIBLIOGRAFÍA, ETC.
Nota de bibliografía, etc. Bibliografía: páginas 495-497. Índice
520 ## - RESUMEN, ETC.
Sumario, etc. Este libro presenta la primera historia concatenada de más de dos largos siglos de luchas de las izquierdas en España. Permitirá comprender la complejidad de cuantos actores de todo signo -partidos, sindicatos, periódicos, publicistas, propagandistas subversivos, hombres y mujeres- han impulsado y ampliado libertades y derechos sociales, han rotulado las constituciones más democráticas de nuestra historia y han cimentado el actual Estado del bienestar; de la misma manera, han sumado también errores y acciones injustificables. Por eso, este texto describe la trayectoria y evolución de las izquierdas, a sabiendas de que su definición no es ni absoluta ni estática, sino que designa diferentes contenidos según los tiempos y las situaciones. Se analizan las izquierdas con una mirada acumulativa. Arranca con las aportaciones de los liberales decimonónicos, luego ampliadas por republicanos de orden, socialistas utópicos y populistas que abrieron las compuertas a la democracia. El afán de construir una sociedad más justa e igualitaria, considerándose portadores del progreso social, se acrecentó con sindicalistas y dirigentes obreros, con partidos y organizaciones reformistas y revolucionarias. A todos, la guerra civil de 1936 y la larga dictadura posterior cambió trágicamente sus vidas y sus respectivas estrategias. La historia se prolonga hasta el presente con una novedad significativa: se incluye en cada época la lucha de las mujeres por conquistar su libertad e igualdad. Se aprende, en suma, que no existe grupo o ideario que pueda atribuirse la genuina y exclusiva expresión de la izquierda en un momento concreto, y que, por tanto, la descalificación absoluta de los demás competidores constituye un callejón sin salida.
650 #7 - PUNTO DE ACCESO ADICIONAL DE MATERIA--TÉRMINO DE MATERIA
Término de materia o nombre geográfico como elemento de entrada Izquierda (Política)-
Subdivisión geográfica España-
Subdivisión de forma Historia
9 (RLIN) 151614
852 ## - LOCALIZACIÓN
Ubicación ES-MaACL
Ubicación en estantería Depósito J
Número de control de estantería N-10135
Anotaciones manuscritas Dedicatoria autógrafa del autor
Donativo/Legado Donación: Juan Sisinio Pérez Garzón
Encuadernación Encuadernación rústica con solapas
itemnumber 206268
903 ## - NOMBRE PERSONAL DE DONANTE
9 90901
a Pérez Garzón, Juan Sisinio
e Donante
942 ## - ELEMENTOS DE ENTRADA SECUNDARIOS (KOHA)
Tipo de ítem Koha Libro impreso
Suprimir en OPAC No
Holdings
Estatus retirado Estado de pérdida Fuente del sistema de clasificación o colocación Estado de daño No para préstamo Colección Biblioteca de origen Biblioteca actual Ubicación en estantería Fecha de adquisición Fuente de adquisición Total de préstamos Signatura topográfica completa Código de barras Visto por última vez Precio de reemplazo Tipo de ítem Koha
    Clasificación decimal universal     Libros con dedicatorias Biblioteca del Ateneo de Madrid Biblioteca del Ateneo de Madrid Depósito J 19/07/2025 Donación   N-10135 2025-0653 19/07/2025 19/07/2025 Libro impreso